Clinical Judgment (Record no. 1391)

000 -LEADER
fixed length control field 00529nam a22001937a 4500
003 - CONTROL NUMBER IDENTIFIER
control field OSt
005 - DATE AND TIME OF LATEST TRANSACTION
control field 20210426081129.0
008 - FIXED-LENGTH DATA ELEMENTS--GENERAL INFORMATION
fixed length control field 210215s1967 ||||| |||| 00| 0 eng d
040 ## - CATALOGING SOURCE
Original cataloging agency eng
Language of cataloging eng
Transcribing agency DLC
041 ## - LANGUAGE CODE
Language code of text/sound track or separate title eng
080 ## - UNIVERSAL DECIMAL CLASSIFICATION NUMBER
Universal Decimal Classification number 61
Item number F-35
100 ## - MAIN ENTRY--PERSONAL NAME
9 (RLIN) 889
Personal name Feinstein, R. Alan
245 ## - TITLE STATEMENT
Title Clinical Judgment
Statement of responsibility, etc. / by: The Williams and Wilkins Company
260 ## - PUBLICATION, DISTRIBUTION, ETC.
Place of publication, distribution, etc. Baltimore
Name of publisher, distributor, etc. The Williams and Wilkins Company
Date of publication, distribution, etc. 1967
300 ## - PHYSICAL DESCRIPTION
Extent 414 p.
Other physical details ill.
650 #0 - SUBJECT ADDED ENTRY--TOPICAL TERM
9 (RLIN) 69
Topical term or geographic name entry element Medicine
653 ## - INDEX TERM--UNCONTROLLED
Uncontrolled term მედიცინა
942 ## - ADDED ENTRY ELEMENTS (KOHA)
Source of classification or shelving scheme
Koha item type Books
Holdings
Withdrawn status Lost status Source of classification or shelving scheme Damaged status Not for loan Permanent location Current location Date acquired Inventory number Total Checkouts Full call number Barcode Date last seen Price effective from Koha item type
          Ken Walker International University Ken Walker International University 02/15/2021 2263   61 F-35 2263 02/15/2021 02/15/2021 Books

Powered by Koha